Statistics for Spotify - Top 50 most monthly listeners

Click here to take the quiz!

General Stats

  • This quiz has been taken 97 times
  • The average score is 15 of 50

Answer Stats

Monthly listenersGenreCountryAnswer% Correct
99,327,993PopUSATaylor Swift
94%
81,250,548Hip hopCanadaDrake
78%
76,414,602PopCanadaJustin Bieber
77%
86,051,126PopBarbadosRihanna
73%
67,885,535Hip hopUSAEminem
68%
112,856,425PopCanadaThe Weeknd
68%
69,563,583PopUKEd Sheeran
62%
76,113,490Hip hopUSAKanye West
56%
91,149,149PopUSAAriana Grande
50%
69,868,810Hip hopUSATravis Scott
46%
78,020,221R&BUSABeyoncé
44%
71,854,198EDMFranceDavid Guetta
37%
75,543,705PopUKDua Lipa
37%
52,680,905RockUKQueen
35%
57,534,121PopUKHarry Styles
34%
61,196,544West coast hip hopUSAKendrick Lamar
34%
68,673,744Latin popColombiaShakira
34%
51,971,160PopUKAdele
32%
66,704,061Latin hip hopUSABad Bunny
32%
71,885,362PopUSAMiley Cyrus
30%
62,919,427Hip hopUSAPost Malone
29%
57,826,616PopUSALady Gaga
27%
51,643,868Hip hopTrinidad and TobagoNicki Minaj
27%
70,510,704PopUSABruno Mars
26%
59,936,625Southern hip hopUK21 Savage
24%
65,858,367PopUSABillie Eilish
24%
55,629,615Alt-popUSALana Del Rey
24%
60,674,272PopUSAOlivia Rodrigo
24%
74,468,766Alternative rockUKColdplay
23%
57,324,106PopUSAKaty Perry
23%
62,576,328Hip hopUSAFuture
20%
62,159,992Hip hopUSAMetro Boomin
18%
63,192,444Hip hopUSADoja Cat
17%
52,001,195RockUKElton John
17%
61,649,717Pop rockUSAImagine Dragons
17%
52,581,277ReggaetonColombiaKarol G
17%
69,894,847R&BUSASZA
17%
50,696,164PopUSAOneRepublic
16%
63,164,716PopUSAMaroon 5
15%
65,417,442ElectronicUSAMarshmello
15%
59,023,485Hip hopUSAPlayboi Carti
15%
58,346,616PopAustraliaSia
11%
68,669,993EDMUKCalvin Harris
10%
52,793,415ReggaetonColombiaJ Balvin
7%
58,315,552PopCanadaTate McRae
7%
60,285,525Pop rockUSABenson Boone
5%
51,119,408ReggaetonUSADaddy Yankee
5%
51,184,244TranceNetherlandsTiësto
5%
52,826,432R&BUSAKhalid
4%
52,427,122Regional MexicanMexicoPeso Pluma
2%

Score Distribution

Percentile by Number Answered

Percent of People with Each Score

Your Score History

You have not taken this quiz